[Event "Miskolc"]
[Site "Miskolc"]
[Date "2004.03.15"]
[Round "5"]
[White "Firman, Nazar"]
[Black "Balogh, Csaba"]
[Result "1-0"]
[WhiteElo "2526"]
[BlackElo "2456"]
[Annotator "Gofshtein,L"]
[PlyCount "59"]
[EventDate "2004.03.10"]
[EventType "tourn"]
[EventRounds "9"]
[EventCountry "HUN"]
[EventCategory "12"]
[SourceTitle "CBM 100"]
[Source "ChessBase"]
[SourceDate "2004.06.01"]
[SourceVersion "1"]
[SourceVersionDate "2004.06.01"]
[SourceQuality "1"]

1. e4 c5 2. Nf3 d6 3. d4 cxd4 4. Nxd4 Nf6 5. Nc3 Nc6 6. Bg5 e6 7. Qd2 Be7 8.
O-O-O O-O 9. f4 Nxd4 10. Qxd4 Qa5 11. Kb1 h6 12. h4 (12. Bxf6 Bxf6 13. Qd2 Rd8
14. Nd5 Qxd2 15. Nxf6+ gxf6 16. Rxd2 Kf8 $11) 12... Rd8 (12... hxg5 $6 13. hxg5
Ng4 14. Be2 e5 15. Nd5 $1 Qd8 16. Qg1 $16 {Beljavsky-Tseshkovsky,USSR 1981}) (
12... e5 13. Qd3 exf4 14. Bxf4 Be6 15. Be2 Rac8 16. Nd5 $14) 13. Qd2 $5 $146 {
[%mdl 8] A novelty. Previously white played 13.Be2 or 13.Bd3 which leads to
unclear positions according to the games below} (13. Be2 Bd7 (13... e5 14. Qe3
(14. Qd3 exf4 15. Bxf4 Be6 16. Nd5 Nxd5 17. exd5 Bd7 $14 {Rodgers-Pelletier,
1996 Biel}) 14... exf4 15. Bxf4 Be6 16. Bf3 Bf8 17. Qe1 $36 {Bologan
-Kotronias,1992 Halkidi}) 14. Qe3 (14. e5 dxe5 15. fxe5 Bc6 16. Qf4 (16. Qe3
Rxd1+ 17. Bxd1 hxg5 18. hxg5 Bxg2 $1 $17) 16... Rxd1+ 17. Bxd1 Qb4 $1 (17...
hxg5 18. hxg5 Nd5 19. Qh2 Nxc3+ 20. bxc3 $18) (17... Nd5 18. Nxd5 Bxg5 (18...
Bxd5 19. Bxe7 $18) 19. hxg5 Bxd5 20. a3 $16) 18. Qg3 (18. exf6 hxg5 19. Qh2 Bd6
$17) (18. Qh2 Nd7) 18... hxg5 19. hxg5 (19. exf6 Bxf6 20. hxg5 Bxc3 $19) 19...
Nh7 20. Qh2 (20. Rh4 Qc5 21. Qh2 Bxg5 22. Rxh7 Bh6) 20... Be4 $17) 14... Rac8 (
14... Bc6 $5 {Hrachek-Harlov 1998,New York}) 15. Rd3 $5 {1-0 Stripunsky,
A-Hracek,Z/New York 1998/CBM 64/[Gofshtein,L] (47)}) (13. g4 $6 e5 14. Qg1 exf4
15. Bxf6 Bxf6 16. Nd5 Be5 17. g5 h5 18. g6 $13 {Byvsev-Taimanov 1952 USSR}) (
13. Bd3 Bd7 14. e5 dxe5 15. fxe5 Bc6 16. Qf4 Nh5 17. Qg4 Rxd3 $1 (17... hxg5
18. Qxh5 Rxd3 19. hxg5 $1 $18) 18. Rxd3 hxg5 19. Qxh5 g6 $1 $15 {Topalov,
Kramnik} (19... gxh4 20. Rd4 g6 21. Rg4 Qc5 $1 22. Rf1 Bf6 $1 23. Rxg6+ fxg6
24. Qxg6+ $11 {Shirov-Anand Monako 1997})) 13... Nxe4 {13...hg deserved
attention with good counterplay} (13... hxg5 $5 14. hxg5 Nxe4 15. Nxe4 Qxd2 16.
Nxd2 e5 $132) 14. Nxe4 Qxd2 15. Rxd2 (15. Nxd2 f6) 15... f6 {15...hg deserved
attention recieving a fine counterplay} (15... hxg5 $5 16. hxg5 d5 17. Nf2 Bd6
18. Nd3 Bd7 $132) 16. Bd3 {White puts the bishop on an active position trying
to seize the initiative even without the queens} fxg5 17. hxg5 d5 18. Nc3 hxg5
19. fxg5 Bxg5 20. Rf2 {[%cal Rf2f7,Rd3h7]} g6 {Black gives the pawn back,
trying to diminish white's initiative. 20...Bh6 looked dangerous but as the
analysis shows, with a number of accurate moves black can defend} (20... Bh6 $1
21. Bg6 Bd7 22. Bf7+ Kh8 23. g4 Bc6 $1 24. Ne2 d4 $1 25. Rh4 Rf8 $1 (25... Rd7
26. Bxe6 Rd6 27. Nf4 Re8) 26. g5 Be8 27. gxh6 Rxf7 28. hxg7+ Kxg7 $11) (20...
Bd7 21. Bh7+ Kh8 22. Bg6+ Bh6 23. g4 $40 Kg8 24. Bf7+ Kh7 25. g5 $18) 21. Bxg6
Rd7 $6 {21...Bd7 deserved attention, connecting the rooks and getting chances
to a successful defence} (21... Bd7 $5 22. Rh7 (22. Rh5 Rf8) (22. Rf3 Kg7 23.
Bd3 Rh8) 22... Rf8 (22... Be8 23. Bd3 Rd7)) 22. Rhf1 {[%cal Rf2f8]} Re7 (22...
Kg7 23. Bd3 $36) 23. Rf8+ Kg7 24. Bd3 b6 {24...a6 is stronger and the next
variations show black can stubbornly defend} (24... a6 $5 25. Na4 Rb8 26. Nb6
Rc7 27. R8f3 Kg8 28. Re1 Rf7 29. Nxc8 Rxc8 30. Rxe6 Rxf3 31. gxf3 Bf4) 25. Nb5
$1 {[%cal Rb5d6] Activizing the knight and creating new threats} Bb7 26. R8f3
$1 Kg8 $8 27. Nd6 $36 Rg7 (27... Bc6 28. Nf7 $18) 28. Bb5 $1 $18 {[%cal Rd6e8]
29.Ne8 is the threat now} a6 29. Ne8 axb5 30. Nxg7 1-0

[Event "Dresden zt 1.2"]
[Site "Dresden"]
[Date "1998.05.01"]
[Round "4"]
[White "Gallagher, Joseph G"]
[Black "Baumegger, Siegfried"]
[Result "1-0"]
[WhiteElo "2490"]
[BlackElo "2495"]
[Annotator "Gofshtein,L"]
[PlyCount "71"]
[EventDate "1998.04.28"]
[EventType "swiss"]
[EventRounds "11"]
[EventCountry "GER"]
[SourceTitle "CBM 065"]
[Source "ChessBase"]
[SourceDate "1998.08.06"]
[SourceVersion "1"]
[SourceVersionDate "1998.08.06"]
[SourceQuality "1"]

{[%mdl 20644]} 1. e4 c5 2. Nf3 Nc6 3. d4 cxd4 4. Nxd4 Nf6 5. Nc3 d6 6. Bg5 e6
7. Qd2 Be7 8. O-O-O O-O 9. f4 Nxd4 10. Qxd4 Qa5 11. Bc4 Bd7 12. e5 dxe5 13.
fxe5 Bc6 14. Bd2 Nd7 15. Nd5 Qd8 16. Nxe7+ Qxe7 17. Rhe1 Nb6 18. Bf1 Rfd8 19.
Qg4 Qc5 (19... a6 20. Bg5 Rxd1+ 21. Rxd1 Qc5 22. Qd4 Qxd4 23. Rxd4 Nd7 24. Bf4
Kf8 25. Bg3 h6 26. b3 Ke7 27. Rg4 Rg8 28. Kd2 f6 {1/2-1/2 Yudasin,L-Kotronias,
V/Rishon le Zion 1996}) (19... Kh8 20. Kb1 Qc5 21. Bd3 Na4 (21... Rxd3 $5) 22.
Qh3 g6 23. Qh4 $16 {A.Ivanov-Glek, USSR 1983}) 20. Qb4 (20. Bh6 Rxd1+ 21. Kxd1
g6 (21... Rd8+ 22. Bd3 g6 (22... Qf8 $142) 23. Qh4 $18 Rxd3+ 24. cxd3 Ba4+ 25.
b3 Qd5 26. Re3 {1-0 Chandler,M-Pavlovic,D/Nis 1983}) (21... Qf8 22. Bg5 Nd7 23.
Kc1 $14 {Timman-Sosonko, Nederland tt 1986}) 22. Qh4 Rc8 $2 (22... Nd7 23. Kc1
b5 24. Qg5 b4 25. Bd3 Rc8 26. Kb1 Ba4 $11 {I.Carlsson-Muir, corr 1990}) 23. Bd3
{Tischbierek,R-Rossmann,H/DDR-ch Eilenburg 1984/1-0(30)} (23. Qf6 $1 Bf3+ 24.
Re2 Qxc2+ 25. Ke1 $18)) 20... Qxb4 $2 $146 (20... Qf2 21. Qf4 Qxf4 22. Bxf4
Rxd1+ (22... Rdc8 23. b3 Nd5 24. Bd2 b5 25. Kb2 a5 26. a3 h6 27. Bd3 Rc7 28.
Re2 b4 29. Ra1 Nc3 30. Re3 Rac8 31. axb4 axb4 32. Ba6 Bb7 33. Bxb7 Rxb7 34.
Bxc3 Rbc7 {1/2-1/2 Ernst,T-Wessman,R/SWE-ch Goteborg 1990}) 23. Rxd1 Nd7 (23...
Rc8 24. Rd4 f6 25. exf6 gxf6 26. Bd2 $14 {Berelovich,A-Avrukh,B/Groningen op
1993/1-0 (85)}) 24. b3 Kf8 25. Kb2 Ke7 26. g4 h6 27. Be2 g5 28. Bg3 a6 29. a4
Rd8 30. a5 Nf8 31. Rxd8 Kxd8 32. Kc3 $14 {Tseshkovsky,V-Yudasin,L/URS-ch53
1986/1/2-1/2(42)}) (20... Qg1 $5 21. Qh4 Qc5 22. Kb1 Qd4 23. Qh5 Na4 24. Bc1
Qb4 25. Ka1 Rd5 26. Bd3 Rxd3 27. cxd3 Bd5 $44 {Shaked,T-Avrukh,B/WchJM-U14
1992/0-1(35)}) 21. Bxb4 $16 {_|_+^^} Nd5 22. Bd2 (22. Bd6 {[%cal Gc2c4,Gg2g3]}
b5 $5 $14 {[%csl Gd5]}) 22... b5 23. Bg5 Rdc8 24. Rd4 a5 25. c3 a4 {[%cal
Ga4a3]} 26. a3 $5 {[%csl Rb5] Now, when black's counterplay on queenside is
stoped,white can try to breaktrought on kingside.} h6 $6 (26... f5 $142 $5 {
[%cal Ga8a7] Preventing white's activity on kingside.} 27. exf6 gxf6 28. Bd2 e5
(28... Re8 $5 29. c4 bxc4 30. Bxc4 Rac8 31. Kb1 $14 {[%cal Ge1c1]}) 29. Rg4+
Kf7 30. Rh4 Kg8 31. Bd3 Ra7 $132) 27. Bd2 Nb6 {[%cal Gc8d8,Ga8a5,Gc6d5,Gb6c4]}
28. Rg4 h5 $2 {Exist famouse rule: not to make aditional weaknesses on side,
where you are defending!} (28... Kf8 $142 29. Be3 Nd7 (29... Nc4 $6 30. Bc5+
Kg8 31. Be7 {[%cal Ge7f6]} Kh8 32. Bxc4 bxc4 33. Rf1 Be8 34. Bf8 $1 $16) 30.
Bd4 $14 {[%cal Gf1d3,Ge1f1]}) 29. Rh4 g6 30. Bg5 {[%cal Gg2g4]} Nd7 31. g4 Bf3
$2 (31... hxg4 $142 32. Rxg4 Kg7 {[%cal Gc8h8]} 33. Rd4 {[%cal Gd4d6]} Nxe5 34.
Rxe5 f6 35. Rxe6 fxg5 36. Bd3 Be8 37. Re5 $16 {[%csl Rb5,Rg5]}) 32. gxh5 {
[%csl Rb5]} Bxh5 33. Bxb5 $18 Nc5 34. Bf6 {[%cal Rb5e2]} Kf8 35. Be2 Ke8 36.
Rd1 1-0

[Event "St Petersburg"]
[Site "St Petersburg"]
[Date "1997.04.24"]
[Round "8"]
[White "Khalifman, Alexander"]
[Black "Sosonko, Gennadi"]
[Result "1-0"]
[WhiteElo "2650"]
[BlackElo "2515"]
[Annotator "Gofshtein,L"]
[PlyCount "51"]
[EventDate "1997.??.??"]
[EventType "tourn"]
[EventRounds "11"]
[EventCountry "RUS"]
[EventCategory "14"]
[SourceTitle "CBM 059"]
[Source "ChessBase"]
[SourceDate "1997.08.01"]
[SourceVersion "1"]
[SourceVersionDate "1997.08.01"]
[SourceQuality "1"]

1. e4 {Petursson} c5 2. Nf3 Nc6 3. d4 cxd4 4. Nxd4 Nf6 5. Nc3 d6 6. Bg5 e6 7.
Qd2 Be7 8. O-O-O Nxd4 9. Qxd4 O-O 10. f4 Qa5 11. Bc4 (11. Kb1 Rd8 12. Be2 Bd7
13. Qe3 Bc6 14. Qg3 Qc7 15. Bd3 $14 {PALAC-BOLOGAN,Budapest 96}) 11... Bd7 12.
e5 (12. Rd3 Rad8 13. e5 dxe5 14. Qxe5 Qb4 15. Rg3 Kh8 16. Bd3 Bc6 17. Rh3 Rfe8
$1 18. Qe2 h6 19. Rf1 Kg8 20. Bh4 Nd5 $11 {Anand-Kramnik,Las Palmas 96}) 12...
dxe5 13. fxe5 Bc6 14. Bd2 (14. Bxf6 gxf6 15. Bd5 f5 $1 16. Bxc6 bxc6 17. g4
Bg5+ 18. Kb1 Rad8 19. Qc4 Rxd1+ 20. Rxd1 Qxe5 $17 {Polgar-Kramnik,Linares94})
14... Nd7 15. Nd5 Qd8 16. Nxe7+ Qxe7 17. Rhe1 Rfd8 (17... Nb6 18. Bd3 Rad8 19.
Qb4 Qxb4 20. Bxb4 Rfe8 21. g3 Rd7 22. c4 Red8 23. Be2 $16 {Palac-Mantovani,
Forli 92}) 18. Qg4 Nc5 (18... Nf8 19. Bd3 Rxd3 20. cxd3 Qd7 21. Bb4 $1 Qd5 22.
Bxf8 Rxf8 23. Kb1 Qxg2 24. Qxg2 Bxg2 25. Re3 f5 26. exf6 Rxf6 27. Rg1 Bd5 28.
Reg3 g6 29. h4 $14 {Oll-Hrachek,Parnu 96}) 19. Bg5 Rxd1+ 20. Rxd1 Qf8 21. Qh4
Nd7 (21... Re8 22. Rd4 Nd7 23. Bd3 g6 24. Bh6 Qe7 25. Qf4 $14 {Almazi.
Z-Bologan.V,Germany 97}) 22. Re1 $16 Qe8 23. Qg4 Nf8 $2 (23... Rc8 $5) 24. h4
Kh8 25. h5 h6 $2 (25... Nd7) 26. Bf6 1-0

[Event "ISR-ch"]
[Site "Tel Aviv"]
[Date "2002.11.24"]
[Round "1"]
[White "Smirin, Ilia"]
[Black "Vydeslaver, Alik"]
[Result "1-0"]
[WhiteElo "2683"]
[BlackElo "2434"]
[Annotator "Gofshtein,L"]
[PlyCount "91"]
[EventDate "2002.11.24"]
[EventType "swiss"]
[EventRounds "9"]
[EventCountry "ISR"]
[SourceTitle "CBM 093"]
[Source "ChessBase"]
[SourceDate "2003.04.01"]
[SourceVersion "1"]
[SourceVersionDate "2003.04.01"]
[SourceQuality "1"]

1. e4 {[%mdl 4]} c5 2. Nf3 d6 3. d4 cxd4 4. Nxd4 Nf6 5. Nc3 Nc6 6. Bg5 e6 7.
Qd3 Be7 8. O-O-O Nxd4 9. Qxd4 O-O 10. f4 Qa5 11. Bc4 Bd7 12. e5 dxe5 13. fxe5
Bc6 14. Bd2 Nd7 15. Nd5 Qc5 16. Nxe7+ Qxe7 17. Rhe1 Rfc8 {17...Rfd8 is popular
continuation as well, and as it was proved in many games, chances are mutual
there;} (17... Qc5 18. Qxc5 Nxc5 19. Bb4 b6 20. Re2 Rfd8 21. Red2 Rxd2 22. Rxd2
Kf8 23. g3 Ke7 24. b3 {Savon,V-Paoli,E/Cienfuegos/1973/1-0 (66)}) (17... Rfd8
18. Qg4 Nf8 19. h4 (19. Bd3 Rxd3 20. cxd3 Qd7 21. Kb1 Qxd3+ 22. Ka1 h5 $1 23.
Qxh5 $2 (23. Qe2 Qg6 $44) 23... Ba4 $1 $15 {Oll,L-Hodgson,J Groningen 1993 0-1
45}) (19. Bf1 Qc5 (19... Ng6 $6 20. Bb4 Rxd1+ 21. Rxd1 Qc7 (21... Nxe5 22.
Qxg7+ Kxg7 23. Bxe7 $16 {^^}) 22. Qd4 Bd5 23. Bc3 $14 {Kovalev,A-Leko,P Munich
op9192 (04) 1992 1-0 43}) 20. Bc3 Ng6 21. Qg5 Rd5 22. Rxd5 Bxd5 23. a3 $10 {
Kamsky,G-Anand,V Linares (07) 1993 0-1 68}) 19... Qc5 20. Bc3 Qf2 $146 21. Rd6
Qxg2 22. Qd4 Rdc8 23. Bd2 Ng6 (23... Qh2 $1 24. Re2 (24. Bd3 Ng6 25. Bxg6 hxg6
$15) 24... Qh1+ 25. Re1 Qh2 $10 {(Leko)}) 24. h5 $36 {Almasi,Z-Leko,P HUN-ch
1993 1/4 35 -Inf.59/233}) (17... Nb6 {Boensch} 18. Bd3 Rfd8 19. Qg4 Rxd3 20.
cxd3 Ba4 21. Bh6 f5 22. exf6 Qxf6 23. Bd2 Rc8+ 24. Kb1 Bc2+ 25. Ka1 Bxd1 26.
Qxd1 $10 {Cseshkovsky,V-Anand,V Ovideo 25' (09) 1993}) 18. Qg4 {White has
better play also after 18.Kb1 or 18.Bf1} (18. Qf4 a5 19. Kb1 Nb6 20. Bd3 Nd5
21. Qg4 Qc5 22. Re4 b5 23. Qh3 Nb4 24. Be3 Bxe4 25. Bxe4 Qxe5 26. Qxh7+ Kf8 27.
Bxa8 Ke7 28. Qe4 Qc7 29. Qb7 {1-0 Karpov,A-Ungureanu,E/Skopje 1972/MCD (29)}) (
18. Bf1 Qc5 (18... a6 19. Bb4 Qd8 (19... Qg5+ 20. Kb1 b6 21. Rd3 $40) 20. Kb1
b5 (20... b6 21. Qf4 Bd5 22. c4 Bc6 23. Re3 $16) 21. Qf4 Bd5 22. Bd3 Nc5 (22...
Bxg2 $4 23. Rg1 Bd5 24. Rxg7+ Kxg7 25. Rg1+ Kh8 26. Qh6 $18) 23. Bxc5 $1 Rxc5
24. Re3 $36 {1-0 Anand,V-Beliavsky,A/Linares 1994/CBM 40/[Ftacnik] (39)}) (
18... Bd5 19. Kb1 Qc5 20. Qxc5 Nxc5 21. Be3 a5 22. Rd4 Nd7 23. Bf4 Nf8 24. c4
Bc6 25. g3 h6 26. b3 Bf3 27. Be2 Bxe2 28. Rxe2 $16 {1-0 Zelic,Z-Nikolac,J/
Makarska Tucepi 1995/EXT 97 (57)}) 19. Qxc5 (19. Bb4 Qxd4 20. Rxd4 h6 21. b3
Nf8 {1/2-1/2 Feher,G-Tolnai,T/HUN-ch 1989/TD (21)}) (19. Qf4 $2 Bf3 $1) 19...
Nxc5 20. Bb4 $14 {1-0 Gufeld,E-Parameswaran,T/Delhi 1984/MCL (49)} (20. Be3 $14
Nd7 21. Bf2 Nf8 (21... h6 22. b3 b6 23. Rd4 Kf8 24. Kb2 {Topalov,V-Yudasin,L/
Leon (2)/1993/0.5 (50)}) 22. b3 Rd8 23. Rxd8 Rxd8 24. Bxa7 $14 {1-0 Matulovic,
M-Pavlovic,D/Nis 1983/MCD (40)})) (18. Kb1 a5 (18... Qc5 19. Qxc5 Nxc5 20. Bf1
a5 21. Be3 $14 {1-0 Ivanchuk,V-Garcia,D/Terrassa 1991/CBM 24 (51)}) 19. Qg4 Qb4
20. Bh6 Qf8 21. Re3 Kh8 22. Bf4 $36 {1-0 Palac,M-Kotronias,V/Metz 1998/EXT 99 
(54)}) 18... Nf8 $5 {[%cal Rf8g6] That's the main move in this position- black
transfer the N to the kingside to protect black king;} (18... Qc5 19. Bh6 g6
20. Re2 (20. Bb3 Rc7 21. c3 Qe7 22. h4 b5 23. h5 Nc5 24. Bc2 Be8 25. Rf1 Rd8
26. Rxd8 Qxd8 27. hxg6 hxg6 28. Bxg6 fxg6 29. Rf8+ Kh7 30. Bg5 {1-0 Kuijf,
M-Blees,A/Eindhoven 1983/EXT 2002 (30)}) 20... Qe7 (20... Rc7 21. Rf1 Re8 22.
Ref2 Bd5 23. Rxf7 Nxe5 24. Qd4 {Cseshkovsky,V-Korensky,V/USSR/1973/1-0 (39)})
21. Bg5 Qe8 22. h4 $40 {1-0 Plater,K-Kapfer,T/Krakow 1938/EXT 99 (45)}) (18...
Kh8 {Chekhov} 19. Re3 Qc5 20. Rh3 Bxg2 21. Rg3 g6 22. Bb3 Bd5 23. Bc3 $1 $16 {
Ivanchuk/}) (18... Kf8 $5) (18... b5 19. Re3 b4 20. Rde1 Qc5 21. Bd3 Ba4 22. c3
Qd5 23. Kb1 Nxe5 24. Qh5 Nxd3 25. Qxd5 Bc2+ {0-1 Khin Than-Zaw,W/Yangon 1999/
EXT 2000 (25)}) 19. Bd3 {Only move0 white transfers the bishop to more active
diagonal;} (19. h4 Qc7 20. Bb3 Bd5 $13 {0-1 Kruszynski,W-Mueller,G/Hamburg
1984/MCD (32)} (20... Bd5 21. c3 Bxb3 22. axb3 Ng6 23. Qg3 h5 24. Bg5 a5 25.
Rd6 a4 26. bxa4 Rxa4 27. Kc2 Rg4 28. Qf2 Qa5 29. Qe2 Rc5 30. Rd8+ Kh7 31. Qf2
Rxc3+ 32. Kb1 Ra4 {0-1 Kruszynski,W-Mueller,G/Hamburg 1984/MCD (32)})) 19...
Ng6 $5 {[%cal Re7h4,Ye7c5] The monouevre of black knight to g6 allows black to
put some pressure on e5 pawn, in addition white doesn't have any attack over
the kingside now;} (19... a5 $6 20. h4 Bd5 21. Kb1 Ng6 {0-1 Hanisch,
J-Gschnitzer,O/Baden 1997/EXT 2002 (33)} 22. c4 $36) 20. Re3 $146 {[%mdl 8]
This novelty is an attempt to improve this line-20.g3, previously played by
white here, gives black strong counterplay;} (20. g3 a5 (20... Qc7 {[%csl Ye5]
[%cal Rc7e5,Rg6e5,Rc7c2]} 21. Bc3 b5 $5 22. h4 $40 Qb7 $1 {[%csl Rb4,Rf3][%cal
Gc6f3,Rb5b4]} 23. Rf1 b4 24. Bd4 Bb5 $1 25. h5 (25. Be4 Bc6 $11) 25... Bxd3 26.
Rxd3 Qc7 $1 $132) 21. h4 Qf8 22. Kb1 b5 23. Bg5 b4 24. Bxg6 hxg6 25. Rd6 f5 26.
Qd4 Qf7 27. Rc1 Bd5 28. c4 bxc3 29. Rxc3 Rxc3 30. Qxc3 {1/2-1/2 Marciano,
D-Wauters,A/FRA 1994/EXT 99 (30)}) 20... Qc5 $5 {Typical move in such
position- black adds more pressure on e5 pawn of white and also intends to
trade light-square B's by Bb5;} 21. Rde1 Bb5 22. Bb4 {White moves the B to d6
to overprotect e5 pawn;} Qb6 23. Bd6 $2 {This move is a blunder which was not
exploited by black later on; White should've play 23.Bb5 which keeps position
equal;} (23. Bxb5 Qxb5 24. Bc3 Rc4 25. Re4 $11) 23... Bxd3 24. Rxd3 Qa6 $2 (
24... Qf2 $1 25. Re2 (25. Qd1 Rxc2+ 26. Qxc2 Qxe1+) 25... Qf4+ 26. Qxf4 Nxf4
$17) 25. Ra3 Rc4 (25... Qc6 $5) 26. Qf3 Nh4 (26... Qc6 27. Qxc6 Rxc6 $14) 27.
Qf2 Qc6 $6 $132 {Black has been playing too active and got into troubles;} (
27... Ra4 $5 28. Rxa4 Qxa4 29. b3 Qg4 $132) 28. b3 $5 {[%cal Rf2h4,Rf2a7]
Strong move which drives out black rooks out of c-file;} Rg4 (28... Qxg2 29.
Qxg2 Nxg2 30. bxc4 Nxe1 31. Rg3 Rc8 32. c5 $18) 29. g3 Nf5 30. Rxa7 {White is
up a pawn and has good winning chances;} Rc8 (30... Rxa7 31. Qxa7 Nxd6 32. exd6
Qxd6 33. Qxb7 Qa3+ 34. Kb1 h6 35. Re4 $16) 31. Qc5 $1 $16 {White intends to
trade queens; Black may decline the trade by moving the queen to less active
square only!} Qxc5 (31... Qe8 32. Qb6 $16) 32. Bxc5 h5 33. Bf2 {Extra pawn and
better bishop than knight give white obvious winning chances;} b5 34. Rb7 b4
35. h3 $5 {White drive out black rook of 4th rank and then grabs b4 pawns;} Rg5
36. Rg1 Rc3 37. Rxb4 $18 Ne7 (37... Nxg3 38. Kb2 Rf3 39. h4 Rg6 40. Rb8+ Kh7
41. Bxg3 Rfxg3 42. Rxg3 Rxg3 43. a4 $18) 38. a4 {White passers decide the game;
} Nd5 39. Re4 Rf3 40. Be1 h4 41. Rxh4 Rxe5 42. Rd4 Ne3 43. Rd3 {White pins
black knight preventing any counterplay of black;} Rd5 44. Rxd5 exd5 45. Bd2
Nf5 46. Bf4 1-0

[Event "St Petersburg"]
[Site "St Petersburg"]
[Date "1997.04.19"]
[Round "3"]
[White "Tseitlin, Mark D"]
[Black "Sosonko, Gennadi"]
[Result "1-0"]
[WhiteElo "2505"]
[BlackElo "2515"]
[Annotator "Gofshtein,L"]
[PlyCount "97"]
[EventDate "1997.??.??"]
[EventType "tourn"]
[EventRounds "11"]
[EventCountry "RUS"]
[EventCategory "14"]
[SourceTitle "CBM 059"]
[Source "ChessBase"]
[SourceDate "1997.08.01"]
[SourceVersion "1"]
[SourceVersionDate "1997.08.01"]
[SourceQuality "1"]

1. e4 c5 2. Nf3 d6 3. d4 cxd4 4. Nxd4 Nf6 5. Nc3 Nc6 6. Bg5 e6 7. Qd2 Be7 8.
O-O-O Nxd4 9. Qxd4 O-O 10. f4 h6 (10... h5) 11. Bh4 Qa5 12. Bc4 e5 13. fxe5
dxe5 14. Qd3 (14. Qg1 $6 Bg4 15. Bxf6 Bxf6 16. Rd3 Rac8 17. Bb3 Be6 18. Nd5
Bg5+ 19. Kb1 Qc5 $11 {Anka,E-Ibragimov,I/Budapest/1995/}) 14... Bg4 (14... Qc5
15. Bxf6 Bxf6 16. Kb1 (16. Qe2 a6 17. Rhf1 Be6 18. Bd5 Bg5+ 19. Kb1 Rac8 20.
Rd3 b5 $13) 16... Be6 17. Bxe6 fxe6 18. Qd6 $11 {Gligorich,S-Taimanov,M/1952/})
15. Bxf6 Bxf6 16. Rdf1 Rac8 17. Bb3 Be6 18. Kb1 Qc5 19. h4 $146 (19. Qg3 Bg5
20. Rd1 b5 21. Qd3 Bc4 $11 22. Bxc4 bxc4 23. Qd5 Qf2 24. g3 Rfd8 25. Rdf1 Rxd5
26. Rxf2 Rd4 27. Re2 h5 28. Rf1 Rcd8 {Fontaine,R-Sosonko,G/Cannes mT 1996/EXP
51/0-1 (55)}) 19... h5 20. Qg3 Bd8 21. Rd1 (21. Nd5 $142) 21... Bxb3 22. axb3
Ba5 23. Rd5 Qc7 24. Qxe5 (24. Rxe5 f6 $19) 24... Qxe5 25. Rxe5 Bxc3 26. bxc3
Rxc3 27. Rd1 Rfc8 $2 (27... Rc7 28. Rxh5 Re8 29. Rd4 Rce7 {with chanses for
draw}) 28. Rd2 g6 29. Re7 R3c7 30. Rd8+ Rxd8 (30... Kg7 31. Rdd7 Rxc2 32. Rxf7+
Kg8 33. Rg7+ Kh8 34. Rh7+ Kg8 35. Rdg7+ Kf8 36. Rxb7 $18) 31. Rxc7 Rb8 32. c4
b5 33. c5 a5 34. Kc2 b4 35. c6 Rb5 (35... Rb6 36. Kd3 a4 37. bxa4 b3 38. Rb7
$18) 36. Kd3 Rc5 37. Kd4 Rc3 38. e5 $2 {better38.Kd5} Kf8 39. Kd5 (39. e6 fxe6
40. Ke5 Ke8 $1 41. Kxe6 Kd8 $11) 39... Rxb3 40. Rb7 $2 (40. Ra7 $1 Rd3+ 41. Kc5
b3 42. c7 $1 (42. Rxa5 b2 43. Rb5 Rd2 44. c7 Ke7 $1 45. Kb6 Rc2 46. Kb7 Kd7 $11
) 42... Kg7 43. Rxa5 $18) 40... Rd3+ 41. Kc5 Rc3+ 42. Kd6 Rd3+ 43. Kc7 b3 (
43... a4 44. Rxb4 (44. Kb8 a3 45. c7 Rc3 46. Rxb4 (46. Ra7 b3 47. Rxa3 b2)
46... a2 47. Ra4 Rb3+ $11) 44... a3 45. Ra4 Rb3 46. Kc8 Ke8 47. c7 Ke7 $11) 44.
Kb8 $18 Rd8+ 45. Ka7 Rc8 46. Rb6 Ke7 47. Kb7 Kd8 48. Rxb3 Rc7+ 49. Kb6 1-0

[Event "ASEAN GM 1st"]
[Site "Bangkok"]
[Date "2004.06.10"]
[Round "9"]
[White "Nguyen, Anh Dung"]
[Black "Aung, Thant Zin"]
[Result "1-0"]
[WhiteElo "2535"]
[BlackElo "2466"]
[Annotator "Gofshtein,L"]
[PlyCount "45"]
[EventDate "2004.06.04"]
[EventType "tourn"]
[EventRounds "10"]
[EventCountry "THA"]
[EventCategory "10"]
[SourceTitle "CBM 102"]
[Source "ChessBase"]
[SourceDate "2004.09.23"]
[SourceVersion "1"]
[SourceVersionDate "2004.09.23"]
[SourceQuality "1"]

1. e4 c5 2. Nf3 Nc6 3. d4 cxd4 4. Nxd4 Nf6 5. Nc3 d6 6. Bg5 e6 7. Qd2 Be7 8.
O-O-O O-O 9. f4 Nxd4 10. Qxd4 Qa5 11. Bc4 Bd7 12. Kb1 {a rare move, the usual
move is 12.e5} (12. e5 dxe5 13. fxe5 Bc6 {is the main line of this variation})
12... Rfd8 (12... Bc6 {is what black played in this position, the game Kholmov
- Glek (Moscow 1983) continued:} 13. Rhe1 h6 14. Bh4 Rfd8 15. Bb3 Qh5 16. Bg3
d5 {with equality}) 13. Bb3 b5 $2 {a losing move, black allows white to play
e4-e5 in the best possible time} (13... Bc6 {was much better and may lead with
different move order to 12...Bc6 variation}) 14. e5 $1 {Now this is very strong
} dxe5 15. fxe5 b4 ({or} 15... Bc6 16. Qh4 {and black is in serious trouble}) (
15... Nd5 {loses to} 16. Bxd5) 16. exf6 gxf6 (16... Qxg5 17. fxe7 $18) 17. Bxf6
{Is by no means worse than 17.Bh6 although white returns his extra piece, he
gets a very strong attack which decides the game} ({Fritz shows a nice way to
save the extra piece with} 17. Bh6 Qh5 18. Qe4 $1 {threatening to take on d7}
Be8 (18... f5 19. Qb7) 19. Qb7 Bc5 20. Rxd8 Rxd8 21. Ne4 Rd1+ 22. Bc1 $1 $18 (
22. Rxd1 $4 Qxd1+ 23. Bc1 Be3 {and suddenly black is the one who wins})) 17...
Bxf6 18. Qxf6 bxc3 19. Rd3 $1 {planning Rg3 or to double up over the d-file,
the rest is simple} Be8 20. Rg3+ Kf8 21. Bxe6 Rd6 22. Qg7+ Ke7 23. Bxf7 $1 {
a nice finish} 1-0